| 000 | 01051nac a22002771u 4500 | ||
|---|---|---|---|
| 010 | _a 2004242089 | ||
| 020 | _a0130188662 | ||
| 035 | _a(OCoLC)ocm55203885 | ||
| 082 |
_a658.84 _bT931 |
||
| 090 |
_c4737 _d4737 |
||
| 100 | _aTurban, Efraim. | ||
| 245 | 0 | 0 |
_aElectronic commerce : _ba managerial perspective / _cEfiraim Turban ...[et.al] |
| 260 |
_aUpper Saddle River, N.J. : _bPrentice Hall, 2000- _cc2000- |
||
| 300 |
_a520p. : _bill. ; _c26 cm. |
||
| 500 | _aPublished: New York, 2002; Peason/Prentice Hall, 2004- | ||
| 500 | _aLatest issue consulted: 2006. | ||
| 650 | 0 | _aElectronic commerce | |
| 650 | 0 |
_aElectronic commerce _xManagement |
|
| 650 | 0 |
_aInformation technology _xManagement _vPeriodicals. |
|
| 650 | 0 |
_aBusiness enterprises _xComputer networks |
|
| 700 | _aLee, Jae. | ||
| 700 | _aKing, David. | ||
| 700 | _aChung, H.Michael. | ||
| 942 |
_cBB _k658.84T931 |
||
| 999 |
_c4737 _d4737 |
||